Tattoos in Movies Quiz Stats

 Plays Quiz Updated Jul 15, 2016

Also try: Altered Movies
Challenge
Share
Tweet
Score 0/24 Timer 06:00
0 Plays Today
Number(Year) Movie Title % Correct
22
(1999)
Star Wars: Episode I - The Phantom Menace
82.1%
7
(2000)
Dude, Where's My Car?
57.7%
2
(2002)
xXx
52.2%
4
(2002)
Red Dragon
39.2%
23
(1999)
The Boondock Saints
36.6%
20
(2008)
Wanted
34.4%
21
(2000)
Memento
31.2%
18
(1999)
The Matrix
30.6%
3
(2003)
Pirates of the Caribbean: The Curse of the Black Pearl
29.3%
15
(1953)
Peter Pan
24.8%
5
(2007)
Blades of Glory
21.1%
19
(2000)
Snatch.
19.2%
Number(Year) Movie Title % Correct
10
(1991)
Cape Fear
14%
12
(2010)
Machete
13.7%
8
(2005)
Constantine
13.5%
9
(2007)
Eastern Promises
13.3%
6
(1996)
From Dusk Till Dawn
10%
14
(2005)
Elektra
8.7%
1
(1955)
The Night of the Hunter
5.6%
11
(2008)
Doomsday
5.3%
24
(1987)
Raising Arizona
4.7%
17
(1981)
Escape From New York
3.8%
16
(1969)
The Illustrated man
2.3%
13
(1992)
Romper Stomper
1.9%

You're not logged in!

Compare scores with friends on all Sporcle quizzes.
Join for Free
OR
Log In

You Might Also Like...

Show Comments

Extras

Top Quizzes Today


Score Distribution

Your Account Isn't Verified!

In order to create a playlist on Sporcle, you need to verify the email address you used during registration. Go to your Sporcle Settings to finish the process.

Report this User

Report this user for behavior that violates our Community Guidelines.

Details: